| 000 | 02121nam a2200565 i 4500 | ||
|---|---|---|---|
| 001 | 1780 | ||
| 003 | KOSZ 005 | ||
| 005 | 20220822072257.0 | ||
| 008 | 220822s1982 pl a f 000 0 pol | ||
| 015 | _aPB 1982/8399 | ||
| 020 | _a832132987X | ||
| 035 | _a991011895619705066 | ||
| 035 | _a(PL-WaBN)b13227877-48omnis_nlop | ||
| 035 | _ab13227877 | ||
| 035 | _a(OCoLC)749922385 | ||
| 035 | _a(PL)b0000001322787 | ||
| 035 | _a(EXLNZ-48OMNIS_NETWORK)9910435984405606 | ||
| 040 |
_aWA N _cWA N _dKOSZ 005/EC _dKOSZ 005/RW |
||
| 046 | _k1982 | ||
| 080 | _a624 | ||
| 080 | _a(083) | ||
| 100 | 1 |
_aKledzik, Wiesław _eAutor |
|
| 245 | 1 | 0 |
_aWzory i tablice do projektowania konstrukcji żelbetowych / _cWiesław Kledzik, Bogdan Kledzik, Adam Kot ; [recenzenci inż. Jan Koca, doc. dr inż. Wojciech Kukulski]. |
| 250 | _aWydanie I. | ||
| 260 |
_aWarszawa : _b"Arkady", _c1982. |
||
| 300 |
_a131, [1] stron : _bilustracje, tabele, wykresy ; _c26 cm. |
||
| 336 |
_aTekst _btxt _2rdacontent |
||
| 337 |
_aBez urządzenia pośredniczącego _bn _2rdamedia |
||
| 338 |
_aWolumin _bnc _2rdacarrier |
||
| 380 | _aKsiążki | ||
| 380 | _aPublikacje fachowe | ||
| 380 | _aPublikacje dydaktyczne | ||
| 385 |
_mPoziom nauczania _aSzkoły wyższe |
||
| 388 | 1 | _a1901-2000 | |
| 388 | 1 | _a1945-1989 | |
| 521 | 8 | _aTablice przeznaczone są dla inżynierów projektantów konstrukcji żelbetowych, będą mogli korzystać z nich również studenci wydziałów budowlanych wyższych uczelni technicznych. | |
| 650 | 7 |
_aKonstrukcje żelbetowe _2DBN |
|
| 650 | 7 | _aProjektowanie | |
| 655 | 7 |
_aTablice i wzory _2DBN |
|
| 658 | _aArchitektura i budownictwo | ||
| 658 | _aInżynieria i technika | ||
| 700 | 1 |
_aKledzik, Bogdan _eAutor |
|
| 700 | 1 |
_aKot, Adam _eAutor |
|
| 700 | 1 |
_aKoca, Jan _eRecenzja |
|
| 700 | 1 |
_aKukulski, Wojciech _d(1934-1998) _eRecenzja |
|
| 710 | 2 |
_aWydawnictwo Arkady _4pbl. |
|
| 856 |
_uhttp://koha.tu.koszalin.pl/cgi-bin/koha/opac-detail.pl?biblionumber=1780 _yKatalog online BPK |
||
| 942 |
_2UKD _cKS |
||
| 999 |
_c1780 _d1780 |
||